000 00847nam a22002897a 4500
001 BR9301722
003 BR-BrBNA
005 20230928093928.0
007 ta
008 230509b bl.||||| |||| 00| 0 por d
040 _aBR-BrBNA
_bpor
_cBiblioteca Nacional de Agricultura
041 _a(Por)
072 _aF01
_b0180
090 _ 0180 BR9301722
110 1 _aInstituto de Pesquisas Agronomicas, Porto Alegre, RS (Brasil)
_96134
111 1 _a12. Reuniao Nacional de Pesquisa de Trigo
_cCascavel, PR (Brazil)
_d19-23 Jul 1982
245 1 _aSolos, ecologia, fisiologia e praticas culturais
260 3 _aPorto Alegre, RS (Brasil):
_c1982.
300 _a79 p.
650 _aTrigo
650 _aVariedade
650 _aSolo
650 _aAdubacao
650 _aPratica Cultural
909 _a202309
_bLucia
_c55
_dLucia Elande
942 _cBK
999 _c47962
_d47962